| 000 | 00551nam a2200193 i 4500 | ||
|---|---|---|---|
| 001 | bg | ||
| 245 | 0 | 0 |
_aPrawo pracy po zmianach : _bpraca zbiorowa / _cpod red. Krzysztofa Rączki. |
| 260 |
_aWarszawa : _bPolskie Wydaw. Ekonomiczne, _c1997. |
||
| 300 |
_a398, [2] s. ; _c21 cm. |
||
| 650 | 9 |
_aPrawo pracy _zPolska _ystan na 1997 r. |
|
| 700 | 1 |
_aRĄCZKA, Krzysztof. _eRed. |
|
| 020 | _a8320810981 | ||
| 040 | _cBPK | ||
| 041 | 0 | _apl | |
| 080 | _a349.2(438) | ||
| 920 | _a83-208-1098-1 | ||
| 942 | _cKS | ||
| 008 | s pl f |000 0 pol | ||
| 999 |
_c32957 _d32957 |
||
| 856 |
_uhttp://koha.tu.koszalin.pl/cgi-bin/koha/opac-detail.pl?biblionumber=32957 _yKatalog online BPK |
||